Marcador electrónico para deportes desarrollado en Linux

Guardat en:
Dades bibliogràfiques
Autor principal: Maldonado Herrera, Alexis
Format: Llibre
Publicat: [San José, Costa Rica] 2002
Matèries:
Etiquetes: Afegir etiqueta
Sense etiquetes, Sigues el primer a etiquetar aquest registre!

MARC

LEADER 00000nam a2200000Ia 4500
001 4635
003 009082
005 20221231144054.0
008 140114s2002 cr a 000 ||s d
040 |c cru CEDI  
100 |a Maldonado Herrera, Alexis  |9 4075 
245 |a Marcador electrónico para deportes desarrollado en Linux  
260 |c 2002  |b [San José, Costa Rica] 
300 |a ix, 37 hojas; ilustraciones 
500 |a Proyecto de graduación (bachillerato en ingeniería eléctrica)--Universidad de Costa Rica. Facultad de Ingeniería. Escuela de Ingeniería Eléctrica 
650 |x PROGRAMAS PARA COMPUTADORA  |x DISEÑO   |x LINUX   |9 4076 
942 |c BK 
999 |c 16474  |d 16474